Normal view MARC view

Entry Uniform Title

Number of records used in: 1

001 - CONTROL NUMBER

  • control field: 40887

003 - CONTROL NUMBER IDENTIFIER

  • control field: dpl

005 - DATE AND TIME OF LATEST TRANSACTION

  • control field: 20120206122806.0

008 - FIXED-LENGTH DATA ELEMENTS

  • fixed length control field: 120206|||a|||||| | ||| d

040 ## - CATALOGING SOURCE

  • Original cataloging agency: dpl
  • Transcribing agency: dpl

130 ## - HEADING--UNIFORM TITLE

  • Uniform title: Chronical classics series

670 ## - SOURCE DATA FOUND

  • Source citation: Work cat.: (dpl): Daniel 40886, Land and labour in India /, 2005

670 ## - SOURCE DATA FOUND

  • Source citation: Work cat.: (dpl): Daniel 40886, Land and labour in India /, 2005

© Delhi Public Library
Hit Counter
free hit counter